Diginaka: Subaltern Politics and Digital Media in Post-Capitalist India/ (Record no. 176222)

MARC details
000 -LEADER
fixed length control field 00874nam a22002177a 4500
005 - DATE AND TIME OF LATEST TRANSACTION
control field 20201204121315.0
010 ## - LCCN (DPL NO)
LC control number ENG-128613
020 ## - INTERNATIONAL STANDARD BOOK NUMBER
International Standard Book Number 978-93-5287-906-9
Terms of availability 695.00
035 ## - SYSTEM CONTROL NUMBER
System control number EN-112145
037 ## - SOURCE OF ACQUISITION
Source of stock number/acquisition DBAD/PUB
082 ## - DEWEY DECIMAL CLASSIFICATION NUMBER
Classification number 302.2310954
100 ## - MAIN ENTRY--PERSONAL NAME
Personal name
245 ## - TITLE STATEMENT
Title Diginaka: Subaltern Politics and Digital Media in Post-Capitalist India/
Statement of responsibility, etc edited by Anjali Monteiro, K. P. Jayasankar and Amit S. Rai
260 ## - PUBLICATION, DISTRIBUTION, ETC. (IMPRINT)
Place of publication, distribution, etc Telangana
Name of publisher, distributor, etc Orient Blackswan Private Limited
Date of publication, distribution, etc 2020
270 ## - ADDRESS
City Telangana
Postal code 500029
Address 3-6-752, Himayatnagar, Hyderabad
Electronic mail address info@orientblackswan.com
300 ## - PHYSICAL DESCRIPTION
Extent xv+276p.
Dimensions 22cm(pbk)
Other physical details including index.
700 ## - ADDED ENTRY--PERSONAL NAME
Personal name Monteiro, Anjali, Ed.
700 ## - ADDED ENTRY--PERSONAL NAME
Personal name Jayasankar, K. P., Ed.
700 ## - ADDED ENTRY--PERSONAL NAME
Personal name Rai, Amit S., Ed.
942 ## - ADDED ENTRY ELEMENTS (KOHA)
Source of classification or shelving scheme Dewey Decimal Classification
Item type English Books
Classification part 302.2310954
Call number suffix DIG
Holdings
Withdrawn status Lost status Not for loan Collection code Home library Current library Date acquired Source of acquisition Cost, normal purchase price Full call number Barcode Copy number Cost, replacement price Koha item type
      Non-fiction Ashok Vihar Ashok Vihar 04/12/2020 DBAD/PUB 695.00 302.2310954 DIG EN-112145 1 695.00 English Books

© Delhi Public Library
Hit Counter
free hit counter